Umbanda do Brasil /
Kaydedildi:
| Yazar: | |
|---|---|
| Materyal Türü: | Kitap |
| Dil: | Spanish Portuguese |
| Baskı/Yayın Bilgisi: |
Rio de Janeiro, Brasil:
Livraria Freitas Bastos S. A.,
1969.
|
| Konular: | |
| Etiketler: |
Etiketle
Etiket eklenmemiş, İlk siz ekleyin!
|
MARC
| LEADER | 00000nam a22000007a 4500 | ||
|---|---|---|---|
| 008 | 180528b xxu||||| |||| 00| 0 spa d | ||
| 041 | 0 | |a por | |
| 082 | 0 | 4 | |a 299.672 |b W893u |
| 100 | 1 | |a da Matta e Silva, Woodrow Wilson | |
| 245 | 1 | 0 | |a Umbanda do Brasil / |c Woodrow Wilson da Matta e Silva |
| 260 | 1 | |a Rio de Janeiro, Brasil: |b Livraria Freitas Bastos S. A., |c 1969. | |
| 300 | |a 366 páginas | ||
| 500 | |a Donación George Yúdice | ||
| 650 | 0 | 4 | |a UMBANDA |x RELIGION |
| 651 | |a BRASIL | ||
| 942 | |2 ddc |c BK | ||
| 999 | |c 22005 |d 22005 | ||
